Statistics for Countries By Stereotypes

Click here to take the quiz!

General Stats

  • This quiz has been taken 143 times
  • The average score is 11 of 15

Answer Stats

HintAnswer% Correct
PyramidsEgypt
97%
CroissantFrance
97%
GunsUSA
96%
VikingsDenmark
95%
TeaBritain
94%
BeerGermany
94%
Constantople is mine yisssssOttoman Empire
86%
Bear Fighting AlcoholicsRussia
83%
ApologeticCanada
77%
ScammersIndia
77%
OilSaudi Arabia
77%
Wall ClimbingMexico
60%
Greece is mean :{North Macedonia
60%
Big ChinAustrian Empire
37%
Alexander is mean :{Iran
16%

Score Distribution

Percentile by Number Answered

Percent of People with Each Score

Your Score History

You have not taken this quiz